00759nam a22001937a 450000500170000000800360001702000180005305000230007124501170009425000080021126000260021930000190024565000470026470000360031170000410034794200130038899900190040195201450042020220615092519.0220615b bra |||| 00| 0 por d a978853266344304aJA74.S65bP75 202000aPsicología dos extremismos políticoscDomenico Uhng Hur, José Manuel Sabucedo; organizadores, ...[et al.]. a1a. aBrasil:bVozes,c2020 a294 p.c21 cm. 4aCrisis-democraciaxPsicología política1 aUhng Hur, DomenicodOrganizador1 aSabucedo, José ManueldOrganizador 2lcccLIB c162589d162587 102lcc4070aLIC-047bLIC-047cGENERALd2022-06-15eDONf1a. ed.kCSl0oJA74.S65 P75 2020pBFP000012917r2022-06-15 00:00:00t1v1.00yLIB